Alt-J - Interlude I lyrics - Statistics

General Stats
  • This quiz has been taken 3 times
    2 since last reset
  • The average score is 89 of 135
Answer Stats
LYRICS % Correct
above
100%
alone
100%
and
100%
bark
100%
blueeeeeee
100%
by
100%
complete
100%
She
100%
Don't
100%
don't
100%
drown
100%
left
100%
let
100%
me
100%
no
100%
one
100%
only
100%
she
100%
steps
100%
the
100%
to
100%
abide
50%
all
50%
always
50%
as
50%
at
50%
balance
50%
before
50%
bones
50%
breathe
50%
broken
50%
count
50%
dogs
50%
eighteen
50%
enjoy
50%
ever
50%
everywhere
50%
feel
50%
good
50%
great
50%
has
50%
hearts
50%
her
50%
herself
50%
home
50%
is
50%
it
50%
it's
50%
knowing
50%
late
50%
law
50%
leave
50%
life
50%
looks
50%
never
50%
next
50%
nine
50%
of
50%
right
50%
ripe
50%
ruined
50%
set
50%
shanks
50%
sink
50%
sticks
50%
stones
50%
stops
50%
strides
50%
teen
50%
that
50%
too
50%
up
50%
ver
50%
whispers
50%
worth
50%
fruits
0%
gray
0%
in
0%
kicks
0%
like
0%
pangs
0%
taste
0%
walks
0%
world
0%
No matching quizzes found
Score Distribution
Percent of People with Each Score
Percentile by Number Answered
Your Score History
You have not taken this quiz since the last reset